[Event "14th TCh-RUS w 2013"]
[Site "Loo RUS"]
[Date "2013.04.10"]
[Round "3"]
[White "Rjanova, Valery"]
[Black "Bronnikova, Elizaveta"]
[Result "1/2-1/2"]
[WhiteElo "2170"]
[BlackElo "2245"]
[PlyCount "142"]
[EventDate "2013.04.07"]
[WhiteTeam "Economist Saratov"]
[BlackTeam "M.Chigorin Chess Club"]

1. e4 c5 2. Nc3 e6 3. Nge2 a6 4. g3 b5 5. Bg2 Bb7 6. O-O b4 7. Nb1 Nf6 8. d3
Qc7 9. a3 a5 10. axb4 axb4 11. Rxa8 Bxa8 12. f4 Be7 13. h3 O-O 14. Be3 d5 15.
Nd2 Nc6 16. Nc1 Rd8 17. g4 dxe4 18. dxe4 c4 19. g5 Ne8 20. c3 Na5 21. Qe2 bxc3
22. bxc3 Nd6 23. Na2 Nb3 24. Rd1 Nxd2 25. Bxd2 Nxe4 26. Bxe4 Bxe4 27. Qxe4 Qa7+
28. Kf1 Qxa2 29. Ke1 Rd5 30. Be3 Rxd1+ 31. Kxd1 Qa6 32. Bd4 Qd6 33. Qa8+ Bf8
34. Qc8 Qd5 35. Kc1 Qf5 36. Be5 Qd3 37. Bd4 Qf1+ 38. Kb2 Qg2+ 39. Kc1 Qh1+ 40.
Kb2 Qh2+ 41. Ka1 Qh1+ 42. Kb2 Qd5 43. h4 Qb5+ 44. Kc1 Qd5 45. Kb2 h6 46. Kc1
Qh1+ 47. Kb2 Qd5 48. Kc1 hxg5 49. hxg5 Qh1+ 50. Kb2 Qg2+ 51. Kc1 Qf1+ 52. Kb2
Qxf4 53. Bc5 Qd2+ 54. Ka3 Qxc3+ 55. Ka4 Qa1+ 56. Kb5 Qb2+ 57. Ka4 Qb3+ 58. Ka5
Qa2+ 59. Kb5 Qb2+ 60. Ka4 Qe5 61. Qxf8+ Kh7 62. Qxf7 Qxc5 63. Qh5+ Kg8 64. Qe8+
Qf8 65. Qxe6+ Qf7 66. Qe4 g6 67. Kb4 Kf8 68. Kc3 Qf5 69. Qe3 Kf7 70. Kxc4 Qe6+
71. Kd3 Qd5+ 1/2-1/2

[Event "14th TCh-RUS w 2013"]
[Site "Loo RUS"]
[Date "2013.04.10"]
[Round "3"]
[White "Ivkina, Olga"]
[Black "Tomnikova, Lidia"]
[Result "1-0"]
[WhiteElo "2269"]
[BlackElo "2173"]
[PlyCount "75"]
[EventDate "2013.04.07"]
[WhiteTeam "M.Chigorin Chess Club"]
[BlackTeam "Economist Saratov"]

1. e4 e5 2. Nf3 Nc6 3. Bb5 a6 4. Ba4 Nf6 5. O-O Be7 6. Re1 b5 7. Bb3 d6 8. h3
O-O 9. c3 Na5 10. Bc2 c5 11. d4 Qc7 12. Nbd2 cxd4 13. cxd4 Nc6 14. Nb3 a5 15.
Be3 a4 16. Nbd2 Bd7 17. Rc1 Rfc8 18. Nf1 Qb7 19. Ng3 Bd8 20. Qe2 Bb6 21. Red1
b4 22. dxe5 Nxe5 23. Nxe5 dxe5 24. Bd3 Bxe3 25. Qxe3 Be6 26. Qg5 h6 27. Qxe5
Bxa2 28. Rxc8+ Qxc8 29. Nf5 Qe6 30. Qd4 Bb3 31. Re1 Rb8 32. e5 Nd5 33. Qe4 g6
34. Nd4 f5 35. Qf3 Qd7 36. Nxb3 axb3 37. Bc4 Rd8 38. Rd1 1-0

[Event "14th TCh-RUS w 2013"]
[Site "Loo RUS"]
[Date "2013.04.10"]
[Round "3"]
[White "Gunina, Valentina"]
[Black "Gaponenko, Inna"]
[Result "1-0"]
[WhiteElo "2510"]
[BlackElo "2397"]
[PlyCount "69"]
[EventDate "2013.04.07"]
[WhiteTeam "SHSM Nashe Nasledie Moskow"]
[BlackTeam "Belorechensk"]

1. d4 Nf6 2. c4 e6 3. Nf3 d5 4. Nc3 c5 5. cxd5 Nxd5 6. e3 Nc6 7. Bd3 Be7 8. O-O
O-O 9. a3 cxd4 10. exd4 Bf6 11. Be4 Nce7 12. Qd3 g6 13. h4 Bd7 14. Bh6 Bg7 15.
Bg5 f6 16. Bd2 Bc6 17. Rae1 Qd7 18. h5 f5 19. Bxd5 Nxd5 20. hxg6 hxg6 21. Ne5
Bxe5 22. Rxe5 Kf7 23. Rfe1 Rae8 24. f3 Rh8 25. Bg5 Rh5 26. Ne4 fxe4 27. fxe4
Nc7 28. Rf1+ Kg8 29. g4 Rh3 30. Qxh3 Qxd4+ 31. Rf2 Rf8 32. Qg3 Bxe4 33. Rxe4
Qxe4 34. Rxf8+ Kxf8 35. Qd6+ 1-0

[Event "14th TCh-RUS w 2013"]
[Site "Loo RUS"]
[Date "2013.04.10"]
[Round "3"]
[White "Kashlinskaya, Alina"]
[Black "Girya, Olga"]
[Result "1/2-1/2"]
[WhiteElo "2305"]
[BlackElo "2464"]
[PlyCount "85"]
[EventDate "2013.04.07"]
[WhiteTeam "Belorechensk"]
[BlackTeam "SHSM Nashe Nasledie Moskow"]

1. d4 d5 2. c4 c6 3. e3 Nf6 4. Bd3 g6 5. Nf3 Bg7 6. O-O O-O 7. Nc3 Bg4 8. h3
Bxf3 9. Qxf3 e6 10. Rd1 Nbd7 11. Qe2 Re8 12. b3 e5 13. dxe5 Nxe5 14. Bb2 d4 15.
Bc2 c5 16. exd4 Nc6 17. Qf1 Nxd4 18. Nb5 Ne4 19. Nxd4 cxd4 20. Qd3 Qh4 21. Rf1
Re6 22. Rae1 Nxf2 23. Qd2 Ne4 24. Bxe4 Rxe4 25. Rxe4 Qxe4 26. Qf2 Qe3 27. Qxe3
dxe3 28. Bxg7 Kxg7 29. Rf3 Re8 30. Kf1 f5 31. Ke2 Kf6 32. Rxe3 Rxe3+ 33. Kxe3
Ke5 34. h4 a5 35. a3 h6 36. b4 axb4 37. axb4 f4+ 38. Kf3 Kd4 39. Kxf4 Kxc4 40.
g4 Kxb4 41. g5 hxg5+ 42. Kxg5 b5 43. Kxg6 1/2-1/2

[Event "14th TCh-RUS w 2013"]
[Site "Loo RUS"]
[Date "2013.04.10"]
[Round "3"]
[White "Kovalevskaya, Ekaterina"]
[Black "Baraeva, Marina"]
[Result "1/2-1/2"]
[WhiteElo "2411"]
[BlackElo "2176"]
[PlyCount "81"]
[EventDate "2013.04.07"]
[WhiteTeam "SHSM Nashe Nasledie Moskow"]
[BlackTeam "Belorechensk"]

1. Nf3 Nf6 2. c4 c6 3. Nc3 d5 4. e3 g6 5. d4 Bg7 6. Bd3 O-O 7. O-O Bg4 8. h3
Bxf3 9. Qxf3 e6 10. b3 Nbd7 11. Bb2 Re8 12. Rad1 Qe7 13. Qe2 a6 14. e4 dxe4 15.
Nxe4 Nxe4 16. Bxe4 f5 17. Bf3 e5 18. dxe5 Nxe5 19. Bxe5 Bxe5 20. Rfe1 Qf7 21.
Qc2 Bf6 22. Rxe8+ Rxe8 23. b4 Rd8 24. Rxd8+ Bxd8 25. a4 Kg7 26. b5 axb5 27.
axb5 cxb5 28. cxb5 b6 29. Qc6 Qf6 30. Qd7+ Be7 31. g3 Qd6 32. Qe8 Qd8 33. Qxd8
Bxd8 34. Bd5 g5 35. Kg2 Be7 36. f4 gxf4 37. gxf4 Bd6 38. Kf3 Kf6 39. Bc6 h6 40.
Bd5 Bc7 41. Bc4 1/2-1/2

[Event "14th TCh-RUS w 2013"]
[Site "Loo RUS"]
[Date "2013.04.10"]
[Round "3"]
[White "Zaiatz, Elena"]
[Black "Pogonina, Natalija"]
[Result "1/2-1/2"]
[WhiteElo "2430"]
[BlackElo "2473"]
[PlyCount "97"]
[EventDate "2013.04.07"]
[WhiteTeam "Ladya Kazan"]
[BlackTeam "Yugra"]

1. d4 Nf6 2. c4 e6 3. Nc3 Bb4 4. e3 O-O 5. Bd3 c5 6. Nge2 cxd4 7. exd4 d5 8.
cxd5 Nxd5 9. O-O Nc6 10. Nxd5 exd5 11. Nf4 Ne7 12. Qf3 Bd6 13. Re1 b6 14. g3
Bxf4 15. Bxf4 Bf5 16. Rxe7 Bxd3 17. Rae1 Be4 18. Qa3 Rc8 19. f3 Bg6 20. Qxa7
Rc2 21. Qa4 f6 22. Qa7 Bf7 23. Bc7 Qc8 24. Qxb6 h5 25. Bf4 Qh3 26. R1e2 Rfc8
27. Qb3 Rxe2 28. Rxe2 g5 29. Bd2 Qf5 30. a4 g4 31. fxg4 Qxg4 32. Rf2 Qxd4 33.
Bc3 Qe3 34. Qb7 Re8 35. Bd2 Qd3 36. Qb6 Re2 37. Qxf6 Rxf2 38. Qxf2 d4 39. Bb4
Qd1+ 40. Qe1 Qxa4 41. Qd2 d3 42. Bc3 Bg6 43. Qe3 Qd1+ 44. Kf2 Qc2+ 45. Qd2 Qb3
46. Qf4 Qc2+ 47. Qd2 Qb3 48. Kf3 Qd5+ 49. Kf2 1/2-1/2

[Event "14th TCh-RUS w 2013"]
[Site "Loo RUS"]
[Date "2013.04.10"]
[Round "3"]
[White "Kovanova, Baira"]
[Black "Ambartsumova, Karina"]
[Result "1/2-1/2"]
[WhiteElo "2377"]
[BlackElo "2306"]
[PlyCount "96"]
[EventDate "2013.04.07"]
[WhiteTeam "Yugra"]
[BlackTeam "Ladya Kazan"]

1. e4 e5 2. Nf3 Nc6 3. Bb5 a6 4. Ba4 Nf6 5. d3 d6 6. c4 Bg4 7. h3 Bxf3 8. Qxf3
Nd7 9. Be3 Be7 10. O-O O-O 11. Nc3 Bg5 12. Qg4 Bxe3 13. fxe3 Nc5 14. Bxc6 bxc6
15. d4 Nd7 16. d5 c5 17. Rf2 Rb8 18. b3 Nf6 19. Qf5 Qd7 20. Qf3 Qd8 21. Raf1
Ra8 22. Ne2 a5 23. Nc3 Qe7 24. g4 Nd7 25. Qg3 Nb6 26. a4 Nd7 27. g5 Kh8 28. Nb5
Nb8 29. Qg4 Na6 30. Qh5 Kg8 31. Rg2 f6 32. g6 h6 33. Qe2 Qd7 34. Kh2 Nb4 35.
Nc3 Rab8 36. Qd1 Na6 37. Nb5 Ra8 38. h4 Nb4 39. h5 Na6 40. Rf5 Rab8 41. Qd2 Nb4
42. Rgf2 Rb6 43. Rf1 Rb7 44. Rd1 Rb6 45. Qg2 Rbb8 46. Qd2 Rb6 47. Qg2 Rbb8 48.
Qd2 Rb6 1/2-1/2

[Event "14th TCh-RUS w 2013"]
[Site "Loo RUS"]
[Date "2013.04.10"]
[Round "3"]
[White "Belova, Olga"]
[Black "Shadrina, Tatiana"]
[Result "1/2-1/2"]
[WhiteElo "2134"]
[BlackElo "2372"]
[PlyCount "126"]
[EventDate "2013.04.07"]
[WhiteTeam "Ladya Kazan"]
[BlackTeam "Yugra"]

1. e4 e5 2. Nf3 Nc6 3. Nc3 Nf6 4. d4 exd4 5. Nxd4 Bb4 6. Nxc6 bxc6 7. Bd3 d5 8.
exd5 cxd5 9. O-O O-O 10. Bg5 c6 11. Qf3 h6 12. Bxf6 Qxf6 13. Qxf6 gxf6 14. Ne2
Rb8 15. b3 Bg4 16. h3 Bxe2 17. Bxe2 Rfe8 18. Bf3 Re6 19. Rad1 Bc3 20. Rd3 d4
21. Bg4 Re5 22. Rf3 Kg7 23. Bf5 a5 24. a4 Rc5 25. Bd3 Re8 26. Rf4 Rce5 27. g3
Rd8 28. Kg2 Rdd5 29. g4 Rc5 30. Kf3 Rcd5 31. Kg2 Bd2 32. Re4 Kf8 33. Rd1 Bc3
34. f4 Rxe4 35. Bxe4 Rd6 36. Kf3 c5 37. Ke2 Ke7 38. Kd3 Rd8 39. Kc4 Bb4 40. Bd5
Rh8 41. Bf3 Kd6 42. Bd5 Re8 43. Bf3 Be1 44. Rd3 Rb8 45. Rd1 Rb4+ 46. Kd3 Bg3
47. Ke4 Ke6 48. Rd3 Bf2 49. f5+ Kd6 50. c4 Rb8 51. Kf4 Be1 52. Bd1 Bc3 53. Bc2
Re8 54. Bd1 Re1 55. Bf3 Bb2 56. Bd1 Bc1+ 57. Kf3 Be3 58. Be2 Ke5 59. Rd1 Rxd1
60. Bxd1 Bg5 61. Bc2 d3 62. Bxd3 Kd4 63. Be4 Bh4 1/2-1/2

[Event "14th TCh-RUS w 2013"]
[Site "Loo RUS"]
[Date "2013.04.11"]
[Round "4"]
[White "Bodnaruk, Anastasia"]
[Black "Atalik, Ekaterina"]
[Result "1-0"]
[WhiteElo "2443"]
[BlackElo "2455"]
[PlyCount "163"]
[EventDate "2013.04.07"]
[WhiteTeam "M.Chigorin Chess Club"]
[BlackTeam "Ladya Kazan"]

1. e4 e5 2. Nf3 Nc6 3. Bb5 a6 4. Ba4 d6 5. c3 Bd7 6. O-O g6 7. d4 Bg7 8. Re1
Nge7 9. d5 Nb8 10. Bxd7+ Nxd7 11. c4 h6 12. Nc3 O-O 13. Rb1 f5 14. b4 f4 15. c5
g5 16. h3 b6 17. Ba3 b5 18. Rc1 Ng6 19. Nh2 Nf6 20. Nb1 h5 21. Rc3 Bh6 22. Qe2
Rf7 23. Nd2 Rg7 24. f3 Qd7 25. Rec1 Rf8 26. R1c2 Kh7 27. Kh1 Rfg8 28. Ndf1 g4
29. fxg4 Nh4 30. Qe1 Bg5 31. Nf3 Nxf3 32. gxf3 hxg4 33. hxg4 Kg6 34. Rh2 Rh7
35. Rcc2 Rgh8 36. Rxh7 Rxh7+ 37. Rh2 Rxh2+ 38. Kxh2 c6 39. dxc6 Qxc6 40. Qd2
dxc5 41. bxc5 Bh6 42. Qc3 Nd7 43. Kg2 Bf8 44. Nd2 a5 45. Qxa5 Bxc5 46. Qc3 Qd6
47. Bxc5 Nxc5 48. Nb3 Nxb3 49. axb3 Qd1 50. Qc6+ Kg5 51. Qxb5 Qd2+ 52. Kh3 Qc3
53. Qe2 Qxb3 54. Qf2 Kg6 55. Kg2 Qd1 56. Qa2 Kf6 57. Qa7 Kg6 58. Qa2 Kf6 59.
Qb2 Kg6 60. Kf2 Qd6 61. Qa2 Qd4+ 62. Kg2 Kf6 63. Qf2 Qc3 64. Qh4+ Ke6 65. Qh6+
Kd7 66. Qg7+ Ke6 67. Qh6+ Ke7 68. Qh7+ Kd6 69. Qh6+ Ke7 70. Qh4+ Ke6 71. g5
Qd2+ 72. Kh3 Qe2 73. Qh6+ Kd7 74. Kg4 Qg2+ 75. Kf5 Qxf3 76. g6 Qg3 77. g7 f3
78. Qe6+ Kc7 79. g8=Q Qf4+ 80. Kg6 Qg3+ 81. Kf7 Qf4+ 82. Ke8 1-0

[Event "14th TCh-RUS w 2013"]
[Site "Loo RUS"]
[Date "2013.04.11"]
[Round "4"]
[White "Bronnikova, Elizaveta"]
[Black "Chistiakova, Tamara"]
[Result "1-0"]
[WhiteElo "2245"]
[BlackElo "2343"]
[PlyCount "81"]
[EventDate "2013.04.07"]
[WhiteTeam "M.Chigorin Chess Club"]
[BlackTeam "Ladya Kazan"]

1. e4 d6 2. d4 g6 3. Nc3 Nf6 4. Be3 a6 5. f3 b5 6. Qd2 Nbd7 7. g4 Nb6 8. b3 Bb7
9. Nge2 Bg7 10. Bg2 h5 11. g5 Nfd7 12. O-O b4 13. Nd1 c5 14. Rc1 a5 15. c4 a4
16. f4 axb3 17. axb3 Ra3 18. Rb1 Qa8 19. d5 Ra2 20. Qd3 Qa6 21. Nc1 Ra3 22. e5
dxe5 23. f5 Nc8 24. fxg6 Qxg6 25. Qxg6 fxg6 26. Nd3 Ra5 27. Be4 Nd6 28. Bxg6+
Kd8 29. N1f2 Kc7 30. Ne4 Nxe4 31. Bxe4 Rf8 32. Rxf8 Bxf8 33. Rf1 Kd6 34. Rf7 e6
35. g6 Ra8 36. g7 Bxg7 37. Rxg7 exd5 38. cxd5 Ra3 39. Bf5 Bc8 40. Bxd7 Bxd7 41.
Bxc5+ 1-0

[Event "14th TCh-RUS w 2013"]
[Site "Loo RUS"]
[Date "2013.04.11"]
[Round "4"]
[White "Ambartsumova, Karina"]
[Black "Ivkina, Olga"]
[Result "1-0"]
[WhiteElo "2306"]
[BlackElo "2269"]
[PlyCount "57"]
[EventDate "2013.04.07"]
[WhiteTeam "Ladya Kazan"]
[BlackTeam "M.Chigorin Chess Club"]

1. e4 e6 2. d4 d5 3. Nc3 Nf6 4. e5 Nfd7 5. f4 c5 6. Nf3 Nc6 7. Be3 f6 8. exf6
Nxf6 9. dxc5 Be7 10. Bb5 Ng4 11. Bd4 O-O 12. Bxc6 bxc6 13. Qd2 Ba6 14. a3 Rc8
15. O-O-O Qa5 16. h3 Nh6 17. Qe3 Nf5 18. Qxe6+ Kh8 19. Ne5 Nxd4 20. Qxe7 Rxf4
21. Rxd4 Rxd4 22. Nxc6 Qc7 23. Qxc7 Rxc7 24. Nxd4 Rxc5 25. Re1 h6 26. Re8+ Kh7
27. Re7 Rc4 28. Rxa7 Bc8 29. Nce2 1-0

[Event "14th TCh-RUS w 2013"]
[Site "Loo RUS"]
[Date "2013.04.11"]
[Round "4"]
[White "Pogonina, Natalija"]
[Black "Gunina, Valentina"]
[Result "1-0"]
[WhiteElo "2473"]
[BlackElo "2510"]
[PlyCount "99"]
[EventDate "2013.04.07"]
[WhiteTeam "Yugra"]
[BlackTeam "SHSM Nashe Nasledie Moskow"]

1. e4 c6 2. d4 d5 3. e5 Bf5 4. Nf3 e6 5. Be2 Ne7 6. O-O c5 7. Na3 Nec6 8. c4
Be4 9. cxd5 Bxd5 10. Bg5 Be7 11. Bxe7 Qxe7 12. dxc5 O-O 13. Nb5 Na6 14. a3 Rad8
15. Qc2 Nxc5 16. Rac1 Nd7 17. Rfe1 Ndxe5 18. Nxe5 Nxe5 19. Qc3 Nc6 20. Qg3 Qf6
21. Nc3 Nd4 22. Bf1 Bc6 23. Ne4 Qh6 24. Nd6 e5 25. Nc4 f6 26. Na5 Bd5 27. Rc7
b6 28. Nc4 Rc8 29. Rxc8 Rxc8 30. Ne3 Be6 31. Bd3 Rd8 32. Bf1 Qh5 33. f4 e4 34.
Qf2 f5 35. Rd1 Qe8 36. Kh1 Nb3 37. Qc2 Rc8 38. Qf2 Qe7 39. h3 Rd8 40. Nxf5 Bxf5
41. Bc4+ Kf8 42. Rxd8+ Qxd8 43. Bxb3 Qd3 44. Bc2 Qc4 45. Qd2 e3 46. Qd6+ Kf7
47. Bxf5 e2 48. Qd2 h5 49. b3 Qb5 50. Be4 1-0

[Event "14th TCh-RUS w 2013"]
[Site "Loo RUS"]
[Date "2013.04.11"]
[Round "4"]
[White "Girya, Olga"]
[Black "Kovanova, Baira"]
[Result "1-0"]
[WhiteElo "2464"]
[BlackElo "2377"]
[PlyCount "95"]
[EventDate "2013.04.07"]
[WhiteTeam "SHSM Nashe Nasledie Moskow"]
[BlackTeam "Yugra"]

1. e4 e5 2. Nf3 Nc6 3. Nc3 Nf6 4. Bb5 Bb4 5. O-O O-O 6. d3 d6 7. Bg5 Ne7 8. Nh4
c6 9. Ba4 Nd7 10. Bb3 Nc5 11. Nf5 Bxf5 12. exf5 Qd7 13. f6 gxf6 14. Bxf6 Bxc3
15. bxc3 Nxb3 16. Qh5 Qf5 17. Qxf5 Nxf5 18. axb3 Rfe8 19. Ra4 Re6 20. Bg5 d5
21. Re1 a6 22. g4 Nd6 23. f4 e4 24. f5 Ree8 25. Raa1 Kg7 26. Bf4 Rad8 27. Re3
exd3 28. Rxe8 Nxe8 29. cxd3 f6 30. Re1 Kf7 31. Be3 Nd6 32. Bc5 Nc8 33. Re6 Re8
34. Rxe8 Kxe8 35. h4 Kf7 36. Kf2 b6 37. Be3 a5 38. Kf3 b5 39. Bc5 Ne7 40. Kf4
h6 41. Bb6 a4 42. bxa4 bxa4 43. Bc5 Nc8 44. h5 Ke8 45. Ke3 Kd7 46. Kd2 Nd6 47.
Bxd6 Kxd6 48. d4 1-0

[Event "14th TCh-RUS w 2013"]
[Site "Loo RUS"]
[Date "2013.04.11"]
[Round "4"]
[White "Romanko, Marina"]
[Black "Kovalevskaya, Ekaterina"]
[Result "1/2-1/2"]
[WhiteElo "2367"]
[BlackElo "2411"]
[PlyCount "160"]
[EventDate "2013.04.07"]
[WhiteTeam "Yugra"]
[BlackTeam "SHSM Nashe Nasledie Moskow"]

1. d4 Nf6 2. c4 e6 3. Nc3 Bb4 4. Qc2 d5 5. cxd5 exd5 6. Bg5 h6 7. Bh4 O-O 8. e3
c5 9. dxc5 Be6 10. Nf3 Nbd7 11. a3 Bxc3+ 12. Qxc3 g5 13. Bg3 Ne4 14. Qc2 Ndxc5
15. Nd4 Rc8 16. Qd1 Qf6 17. Be2 Nxg3 18. hxg3 Ne4 19. O-O a6 20. Bf3 Rc7 21.
Qe2 Rfc8 22. Rad1 Qe5 23. Qd3 Bd7 24. Qb3 g4 25. Be2 h5 26. Bd3 Nc5 27. Qb4
Nxd3 28. Rxd3 Kg7 29. Rfd1 Rh8 30. Ne2 Be6 31. Rc3 Rxc3 32. Qxc3 Qxc3 33. Nxc3
Rc8 34. Kf1 Rc5 35. Ke2 f5 36. Kd3 Kf6 37. Ne2 Bf7 38. Rc1 Rxc1 39. Nxc1 Ke5
40. Ne2 Be8 41. Nf4 b6 42. f3 Bb5+ 43. Kd2 Bf1 44. Ke1 Bc4 45. Nxh5 d4 46. Kd2
Bd5 47. Kd3 dxe3 48. Kxe3 Bc4 49. Nf4 Bf1 50. Ng6+ Kf6 51. Nf4 Ke5 52. Nd3+ Kf6
53. Nb4 Ke5 54. f4+ Kd6 55. Kd4 Bxg2 56. Nxa6 Bc6 57. Nb4 Bd7 58. Nd5 b5 59.
Nc3 Be8 60. b3 Bd7 61. a4 b4 62. Nb5+ Kc6 63. Kc4 Be6+ 64. Kxb4 Bd7 65. Kc3 Kd5
66. b4 Ke4 67. Nd6+ Kf3 68. b5 Kxg3 69. b6 Bc6 70. Nxf5+ Kxf4 71. Nd4 Bb7 72.
a5 Ke4 73. Ne2 Kf3 74. Kd2 Ba6 75. Nd4+ Kf2 76. Nf5 Kf3 77. Nh4+ Ke4 78. Ng2
Kd4 79. Ne3 g3 80. Nf5+ Kc5 1/2-1/2

[Event "14th TCh-RUS w 2013"]
[Site "Loo RUS"]
[Date "2013.04.11"]
[Round "4"]
[White "Iljushina, Olga"]
[Black "Lagno, Kateryna"]
[Result "1/2-1/2"]
[WhiteElo "2325"]
[BlackElo "2550"]
[PlyCount "102"]
[EventDate "2013.04.07"]
[WhiteTeam "Economist Saratov"]
[BlackTeam "Belorechensk"]

1. d4 g6 2. c4 Bg7 3. Nc3 Nf6 4. e4 d6 5. f3 O-O 6. Be3 c5 7. d5 e6 8. Qd2 exd5
9. cxd5 Re8 10. h4 h5 11. Nh3 Nbd7 12. Be2 Ne5 13. Nf2 Bd7 14. Bg5 Qb8 15. Qf4
Nh7 16. Bh6 b5 17. Bxg7 Kxg7 18. g4 b4 19. Ncd1 hxg4 20. Nxg4 Nxg4 21. fxg4 Qd8
22. Nf2 Qf6 23. Qd2 a5 24. g5 Qe5 25. O-O-O c4 26. Qd4 Rac8 27. Bg4 Qxd4 28.
Rxd4 Bxg4 29. Nxg4 f6 30. Ne3 fxg5 31. Nxc4 Nf6 32. hxg5 Nxe4 33. Re1 Nxg5 34.
Rxe8 Rxe8 35. Nxd6 Re1+ 36. Rd1 Rxd1+ 37. Kxd1 Kf6 38. Nc4 a4 39. Nb6 Ke5 40.
Nxa4 Kxd5 41. Nb6+ Kd4 42. a4 Ne6 43. Nd7 g5 44. a5 Nc7 45. Ke2 Kc4 46. Ne5+
Kb5 47. Kf3 Kxa5 48. Kg4 b3 49. Nc6+ Kb5 50. Nd4+ Kc4 51. Nxb3 Kxb3 1/2-1/2

[Event "14th TCh-RUS w 2013"]
[Site "Loo RUS"]
[Date "2013.04.11"]
[Round "4"]
[White "Gaponenko, Inna"]
[Black "Tarasova, Viktoriya"]
[Result "1/2-1/2"]
[WhiteElo "2397"]
[BlackElo "2298"]
[PlyCount "96"]
[EventDate "2013.04.07"]
[WhiteTeam "Belorechensk"]
[BlackTeam "Economist Saratov"]

1. e4 e5 2. Nf3 Nc6 3. d4 exd4 4. Bc4 Bc5 5. c3 Nf6 6. e5 d5 7. Be2 Ne4 8. cxd4
Bb6 9. Nc3 O-O 10. O-O Ne7 11. Bd3 f5 12. exf6 Nxf6 13. Na4 Bg4 14. Nxb6 axb6
15. Bg5 Bxf3 16. Qxf3 Ne4 17. Bxe7 Qxe7 18. Qe2 Rae8 19. f3 Nd6 20. Qxe7 Rxe7
21. Rfe1 Rxe1+ 22. Rxe1 Rf4 23. Re7 Rxd4 24. Bf1 Rd1 25. Rxc7 Nc4 26. Kf2 Rd2+
27. Ke1 Rxb2 28. Bxc4 dxc4 29. Rxc4 Rxg2 30. Rc8+ Kf7 31. Rc7+ Kf8 32. Rxb7
Rxa2 33. Rb8+ Kf7 34. Rb7+ Kf8 35. Rb8+ Ke7 36. Rb7+ Kf6 37. Rxb6+ Kg5 38. Rb7
Kh6 39. h4 Ra4 40. Rb6+ g6 41. Kf2 Rxh4 42. Kg3 Rh5 43. Rb7 Rg5+ 44. Kh4 Rf5
45. Kg4 Rf8 46. f4 Rf5 47. Ra7 Rf8 48. Rb7 Rf5 1/2-1/2

[Event "14th TCh-RUS w 2013"]
[Site "Loo RUS"]
[Date "2013.04.11"]
[Round "4"]
[White "Rjanova, Valery"]
[Black "Kashlinskaya, Alina"]
[Result "0-1"]
[WhiteElo "2170"]
[BlackElo "2305"]
[PlyCount "48"]
[EventDate "2013.04.07"]
[WhiteTeam "Economist Saratov"]
[BlackTeam "Belorechensk"]

1. e4 e5 2. Nf3 Nc6 3. Bc4 Nf6 4. Ng5 d5 5. exd5 Na5 6. Bb5+ c6 7. dxc6 bxc6 8.
Bd3 Nd5 9. Nf3 Bd6 10. O-O O-O 11. Re1 f5 12. Nxe5 Qf6 13. Nc4 Nxc4 14. Bxc4
Qh4 15. Bxd5+ cxd5 16. g3 Qh3 17. Qf3 f4 18. Qg2 Qh5 19. Nc3 f3 20. Qf1 Kh8 21.
d4 Bh3 22. Qb5 Bxg3 23. Qxd5 Bxh2+ 24. Kxh2 Bf5+ 0-1

[Event "14th TCh-RUS w 2013"]
[Site "Loo RUS"]
[Date "2013.04.11"]
[Round "4"]
[White "Baraeva, Marina"]
[Black "Dogodkina, Julia"]
[Result "0-1"]
[WhiteElo "2176"]
[BlackElo "2136"]
[PlyCount "60"]
[EventDate "2013.04.07"]
[WhiteTeam "Belorechensk"]
[BlackTeam "Economist Saratov"]

1. d4 d6 2. c4 e5 3. Nf3 e4 4. Nfd2 f5 5. Nc3 Nf6 6. e3 c6 7. b4 d5 8. Rb1 Be7
9. Be2 O-O 10. O-O Kh8 11. b5 g5 12. bxc6 bxc6 13. Nb3 Na6 14. cxd5 cxd5 15.
Bd2 Bd6 16. Nb5 Ng4 17. Nxd6 Qxd6 18. Bxg4 fxg4 19. Nc5 Rf6 20. Qa4 Nc7 21. Ba5
Ne6 22. Rfc1 Ng7 23. Nb7 Qa6 24. Qb5 Rb8 25. Rc7 Qe6 26. Qc5 Qf5 27. Be1 Ne8
28. Re7 Nd6 29. Nxd6 Qxf2+ 30. Bxf2 Rxb1+ 0-1

[Event "14th TCh-RUS w 2013"]
[Site "Loo RUS"]
[Date "2013.04.13"]
[Round "5"]
[White "Lagno, Kateryna"]
[Black "Bodnaruk, Anastasia"]
[Result "1-0"]
[WhiteElo "2550"]
[BlackElo "2443"]
[PlyCount "55"]
[EventDate "2013.04.07"]
[WhiteTeam "Belorechensk"]
[BlackTeam "M.Chigorin Chess Club"]

1. Nf3 Nf6 2. c4 c5 3. d4 cxd4 4. Nxd4 Nc6 5. g3 e6 6. Bg2 Be7 7. O-O O-O 8.
Nc3 a6 9. Bf4 Na5 10. Qd3 Nh5 11. Be3 Qc7 12. Rac1 f5 13. c5 Nc6 14. Na4 Ne5
15. Qb3 f4 16. Bd2 Rb8 17. Nb6 fxg3 18. hxg3 Ng4 19. Nd5 Qd8 20. c6 dxc6 21.
Nxe7+ Qxe7 22. Nxc6 bxc6 23. Qxb8 Bb7 24. Qa7 e5 25. Bxc6 Qd6 26. Qxb7 Qxd2 27.
Bd5+ Kh8 28. Rc8 1-0

[Event "14th TCh-RUS w 2013"]
[Site "Loo RUS"]
[Date "2013.04.13"]
[Round "5"]
[White "Mammadova, Gulnar"]
[Black "Gaponenko, Inna"]
[Result "0-1"]
[WhiteElo "2322"]
[BlackElo "2397"]
[PlyCount "100"]
[EventDate "2013.04.07"]
[WhiteTeam "M.Chigorin Chess Club"]
[BlackTeam "Belorechensk"]

1. e4 c5 2. Nf3 d6 3. d4 cxd4 4. Qxd4 Nc6 5. Bb5 Bd7 6. Bxc6 Bxc6 7. Nc3 Nf6 8.
Bg5 e6 9. O-O-O Be7 10. Qd3 Qa5 11. h4 h6 12. Bd2 Qa6 13. Qxa6 bxa6 14. Rhe1
Ng4 15. Re2 O-O 16. Bf4 e5 17. Bg3 f5 18. exf5 Rxf5 19. Nd5 Bd8 20. c4 Rc8 21.
Kb1 Nf6 22. Nxf6+ Rxf6 23. c5 Rxf3 24. gxf3 Bxf3 25. Red2 Bxd1 26. Rxd1 Rxc5
27. Rxd6 Bb6 28. Rd7 e4 29. Re7 Rf5 30. Rxe4 Bxf2 31. Bb8 g5 32. hxg5 hxg5 33.
Kc2 Kf7 34. Kd3 Rb5 35. Be5 Kg6 36. Bc3 Bb6 37. Re6+ Kf5 38. Rf6+ Kg4 39. Ke4
Rc5 40. Rh6 Rc4+ 41. Kd3 Rf4 42. Bd2 Rd4+ 43. Kc3 Rd8 44. Rg6 Ba5+ 45. b4 Bxb4+
46. Kxb4 Rxd2 47. Rxa6 Rd7 48. Rg6 Kf4 49. Rf6+ Kg3 50. a4 g4 0-1

[Event "14th TCh-RUS w 2013"]
[Site "Loo RUS"]
[Date "2013.04.13"]
[Round "5"]
[White "Kashlinskaya, Alina"]
[Black "Bronnikova, Elizaveta"]
[Result "1-0"]
[WhiteElo "2305"]
[BlackElo "2245"]
[PlyCount "71"]
[EventDate "2013.04.07"]
[WhiteTeam "Belorechensk"]
[BlackTeam "M.Chigorin Chess Club"]

1. d4 Nf6 2. c4 e6 3. Nc3 c5 4. d5 exd5 5. cxd5 d6 6. Nf3 g6 7. Bf4 a6 8. a4
Bg7 9. h3 O-O 10. e3 Ne8 11. Be2 Nd7 12. O-O Qe7 13. Qd2 f5 14. Ng5 Ne5 15.
Rad1 h6 16. Ne6 Bxe6 17. dxe6 Qxe6 18. Bxe5 Qxe5 19. f4 Qe6 20. Bf3 Nf6 21.
Bxb7 Ra7 22. Bf3 Kh7 23. Rfe1 Rb8 24. e4 fxe4 25. Nxe4 Nxe4 26. Rxe4 Qd7 27.
Qxd6 Qxd6 28. Rxd6 Rxb2 29. Re8 Bd4+ 30. Kh2 Kg7 31. Bd5 Rf2 32. Rg8+ Kh7 33.
Rgxg6 Bg7 34. Be4 Kg8 35. f5 Kf7 36. Bd5+ 1-0

[Event "14th TCh-RUS w 2013"]
[Site "Loo RUS"]
[Date "2013.04.13"]
[Round "5"]
[White "Ushenina, Anna"]
[Black "Iljushina, Olga"]
[Result "1-0"]
[WhiteElo "2488"]
[BlackElo "2325"]
[PlyCount "95"]
[EventDate "2013.04.07"]
[WhiteTeam "Yugra"]
[BlackTeam "Economist Saratov"]

1. d4 d5 2. c4 c6 3. Nc3 Nf6 4. e3 a6 5. Nf3 Bf5 6. Qb3 Ra7 7. cxd5 cxd5 8. Ne5
e6 9. Qa4+ Nfd7 10. g4 Bg6 11. Bg2 Be7 12. h4 b5 13. Nxb5 Rb7 14. Nc3 Rb4 15.
Qd1 Nxe5 16. dxe5 Bxh4 17. a3 Rc4 18. e4 d4 19. Qd3 Rc8 20. Ne2 Nc6 21. Bf4 O-O
22. Rd1 Bg5 23. Bxg5 Qxg5 24. f4 Qe7 25. Qxa6 Rfd8 26. Qd3 f6 27. exf6 gxf6 28.
b4 e5 29. f5 Bf7 30. Rc1 Nxb4 31. axb4 Qxb4+ 32. Qd2 Qa3 33. Rh3 Qa6 34. Bf1
Bc4 35. g5 Bxe2 36. Rxc8 Rxc8 37. Bxe2 Qa1+ 38. Kf2 Qa7 39. Rd3 Qg7 40. gxf6
Qxf6 41. Rg3+ Kh8 42. Qg5 Qf7 43. f6 Rc2 44. Qxe5 Rxe2+ 45. Kxe2 Qc4+ 46. Rd3
Qc2+ 47. Rd2 d3+ 48. Ke3 1-0

[Event "14th TCh-RUS w 2013"]
[Site "Loo RUS"]
[Date "2013.04.13"]
[Round "5"]
[White "Romanko, Marina"]
[Black "Tomnikova, Lidia"]
[Result "1-0"]
[WhiteElo "2367"]
[BlackElo "2173"]
[PlyCount "71"]
[EventDate "2013.04.07"]
[WhiteTeam "Yugra"]
[BlackTeam "Economist Saratov"]

1. d4 Nf6 2. c4 c5 3. d5 b5 4. cxb5 a6 5. e3 Bb7 6. Nc3 g6 7. a4 Bg7 8. e4 d6
9. Nf3 O-O 10. Be2 axb5 11. Bxb5 Qa5 12. O-O Na6 13. Nd2 Rfb8 14. Re1 Nc7 15.
Nc4 Qa7 16. Bd2 Ba6 17. Bxa6 Qxa6 18. b3 Nd7 19. Rb1 Nb6 20. Nxb6 Rxb6 21. a5
Rb7 22. Na4 Nb5 23. Rc1 Na3 24. b4 cxb4 25. Nb6 Rab8 26. Bxb4 Nb5 27. Rc4 h5
28. h4 Nc7 29. Rc6 Na8 30. Nd7 Qb5 31. Nxb8 Rxb8 32. Bd2 Qb2 33. Qc2 Qb5 34.
Rc8+ Kh7 35. Rxb8 Qxb8 36. Rc1 1-0